000 00969nam a2200205Ia 4500
001 20641
003 GE_BSU
008 181216s||||||||xx |||||||||||||| ||und||
040 _cGE_BSU
245 _aბუღალტრული აღრიცხვა : №4(244). აპრილი 2017
245 _bსაქართველოს პროფესიონალ ბუღალტერთა და აუდიტორთა ფედერაცია.
245 _cმთავარი რედაქტორი ლავრენტი ჭუმბურიძე. გამოც. რედ: მანანა გველესიანი.
260 _aთბილისი
260 _c2017
300 _a60გვ. 30სმ.
653 _aბუღალტერია
653 _aბუღალტრული აღრიცხვა : №4(244). აპრილი 2017
653 _aპერიოდიკა
942 _cCR
999 _c53594
_d53594